El asesinato de García Lorca / (Record no. 190583)

MARC details
000 -LEADER
campo de control de longitud fija 01135namaa2200313 i 4500
001 - NÚMERO DE CONTROL
campo de control 190583
003 - IDENTIFICADOR DE NÚMERO DE CONTROL
campo de control ES-MaACL
005 - FECHA Y HORA DE LA ÚLTIMA TRANSACCIÓN
campo de control 20240123112940.0
008 - DATOS DE LONGITUD FIJA--INFORMACIÓN GENERAL
campo de control de longitud fija 220105s2018 sp a | |||| 001 0bspa
020 ## - NÚMERO INTERNACIONAL ESTÁNDAR DEL LIBRO
Número Internacional Estándar del Libro 978-84-666-6287-1
080 ## - NÚMERO DE LA CLASIFICACIÓN DECIMAL UNIVERSAL
Número de la Clasificación Decimal Universal 929 García Lorca, Federico
080 ## - NÚMERO DE LA CLASIFICACIÓN DECIMAL UNIVERSAL
Número de la Clasificación Decimal Universal 94(460.357 G.)"1936/39"
100 1# - ENTRADA PRINCIPAL--NOMBRE DE PERSONA
Nombre de persona Gibson, Ian,
Fechas asociadas al nombre 1939-
9 (RLIN) 56666
245 13 - MENCIÓN DEL TÍTULO
Título El asesinato de García Lorca /
Mención de responsabilidad, etc. Ian Gibson.
250 ## - MENCION DE EDICION
Mención de edición 1ª ed.
260 ## - PUBLICACIÓN, DISTRIBUCIÓN, ETC.
Lugar de publicación, distribución, etc. [Barcelona] :
Nombre del editor, distribuidor, etc. Ediciones B,
Fecha de publicación, distribución, etc. [2018]
300 ## - DESCRIPCIÓN FÍSICA
Extensión 456 p., [32] p. de lám. ;
Dimensiones 24 cm.
490 1# - MENCIÓN DE SERIE
Mención de serie No ficción
500 ## - NOTA GENERAL
Nota general Índice onomástico y de publicaciones.
504 ## - NOTA DE BIBLIOGRAFÍA, ETC.
Nota de bibliografía, etc. Bibliografía: p. 399-427.
600 14 - PUNTO DE ACCESO ADICIONAL DE MATERIA--NOMBRE DE PERSONA
Nombre de persona García Lorca, Federico,
Fechas asociadas al nombre 1898-1936-
Subdivisión general Biografías
9 (RLIN) 54854
651 #4 - PUNTO DE ACCESO ADICIONAL DE MATERIA--NOMBRE GEOGRÁFICO
Nombre geográfico Granada-
Subdivisión general Historia-
Subdivisión cronológica 1936-1939.
9 (RLIN) 166621
830 1# - PUNTO DE ACCESO ADICIONAL DE SERIE-TÍTULO UNIFORME
Título uniforme No ficción
9 (RLIN) 225910
852 4# - LOCALIZACIÓN
Ubicación ES-MaACL
Número de control de estantería A-14843
itemnumber 197761
Sublocalización o colección Olim: N-7843
Ubicación en estantería Depósito 1
Anotaciones manuscritas Dedicatoria autógrafa del autor
Donativo/Legado Donación: Ian Gibson
Encuadernación Encuadernación en cartone.
903 ## - NOMBRE PERSONAL DE DONANTE
9 56666
a Gibson, Ian,
d 1939-
e Donante
942 ## - ELEMENTOS DE ENTRADA SECUNDARIOS (KOHA)
Fuente del sistema de clasificación o colocación Clasificación decimal universal
Tipo de ítem Koha Libro impreso
Holdings
Estatus retirado Estado de pérdida Fuente del sistema de clasificación o colocación Estado de daño No para préstamo Colección Biblioteca de origen Biblioteca actual Ubicación en estantería Fecha de adquisición Fuente de adquisición Total de préstamos Signatura topográfica completa Código de barras Visto por última vez Precio de reemplazo Tipo de ítem Koha Nota pública
    Clasificación decimal universal     Libros con dedicatorias Biblioteca del Ateneo de Madrid Biblioteca del Ateneo de Madrid Depósito 1 05/01/2022 Donación   A-14843 1202797 23/02/2023 23/02/2023 Libro impreso Dedicatoria autógrafa del autor